00501cam a22002051 4500001001300000003000400013005001700017008004100034010001700075035002000092040001800112042001200130050002400142100003800166245003100204260001100235300001800246500001400264999001700278sa 63002817 DLC20260227111936.0900207s1962 ii 000 0 hino  asa 63002817  a(OCoLC)21014830 aDLCcWaUdDLC apremarc00aPK2098.M22bA6 19621 aMachwe, Prabhakar Balvant,d1917-10aTelakī pakauṛiyām̐. c[1962] a95 p.c19 cm. aIn Hindi. c54691d54691